Centrum chorvátskej kultúry, Jarovce
Uložené v:
| Hlavný autor: | |
|---|---|
| Ďalší autori: | |
| Médium: | Rukopis Kniha |
| Jazyk: | Slovak |
| Vydavateľské údaje: |
2025
|
| Predmet: | |
| On-line prístup: | http://is.stuba.sk/zp/portal_zp.pl?podrobnosti=161916 |
| Tagy: |
Žiadne tagy, Buďte prvý, kto otaguje tento záznam!
|
MARC
| LEADER | 00000ntm a22000003a 4500 | ||
|---|---|---|---|
| 001 | stuzp104452 | ||
| 003 | SK-STU | ||
| 005 | 20250614213014.2 | ||
| 007 | ta | ||
| 008 | 150427s2015----xo-----f-mn---000-0-slo-d | ||
| 040 | |a STU |b slo | ||
| 041 | 0 | |a slo | |
| 100 | 1 | |a Kosec, Juraj |u 056160 |4 aut |U FAD Fakulta architektúry a dizajnu |T FAD Ústav urbanizmu a územného plánovania |X 110176 |U A6160 |Y 397 |7 110176 | |
| 242 | 0 | 1 | |a Croatian Cultural Center, Jarovce |y eng |
| 245 | 1 | 0 | |a Centrum chorvátskej kultúry, Jarovce |
| 260 | |c 2025 | ||
| 650 | 4 | |a architectural thesis |2 eng | |
| 650 | 4 | |a building project |2 eng | |
| 650 | 4 | |a Jarovce |2 eng | |
| 650 | 4 | |a Bratislava |2 eng | |
| 650 | 4 | |a Croatian minority |2 eng | |
| 650 | 4 | |a projekt stavby |2 slo | |
| 650 | 4 | |a architektonická štúdia |2 slo | |
| 650 | 4 | |a Jarovce |2 slo | |
| 650 | 4 | |a Bratislava |2 slo | |
| 650 | 4 | |a Chorvátska menšina |2 slo | |
| 700 | 1 | |a Staněková, Kristína |u 056160 |k Z1 |4 ths |U FAD Fakulta architektúry a dizajnu |T FAD Ústav urbanizmu a územného plánovania |X 29133 |U A6160 |Y 397 |7 A000029133 | |
| 856 | 4 | |u http://is.stuba.sk/zp/portal_zp.pl?podrobnosti=161916 | |